| 000 | 00857cam a22002893a 4500 | ||
|---|---|---|---|
| 001 | 17824 | ||
| 003 | PGUSA | ||
| 005 | 20140828083359.0 | ||
| 008 | 060222s2006||||xxu|||||s|||||000 1 eng d | ||
| 040 |
_aPGUSA _beng |
||
| 042 | _adc | ||
| 050 | 4 | _aPZ | |
| 100 | 1 |
_aBannerman, Helen, _d1862-1946 |
|
| 245 | 1 | 0 |
_aLittle Black Sambo _h[electronic resource] / _cHelen Bannerman |
| 260 |
_bProject Gutenberg, _c2006 |
||
| 506 | _aPublic domain in the USA. | ||
| 516 | _aElectronic text | ||
| 653 | _aChildren's stories | ||
| 653 | _aBoys -- Juvenile fiction | ||
| 653 | _aTiger -- Juvenile fiction | ||
| 653 | _aIndia -- Juvenile fiction | ||
| 653 | _aPride and vanity -- Juvenile fiction | ||
| 700 | 1 |
_aWilliams, Florence White, _d1900-1953 |
|
| 830 | 0 |
_aProject Gutenberg _v17824 |
|
| 856 | 4 | 0 | _uhttp://www.gutenberg.org/ebooks/17824 |
| 942 | _cEB | ||
| 999 |
_c247079 _d247079 |
||